000 00335nam a2200121Ia 4500
008 220204s9999 xx 000 0 und d
020 _a8190180509
082 _a665.6:54
_bMAN;1
100 _aManjooran S, Kochu Baby
245 0 _aModern petroleum chemistry : An overview
260 _aKochi
_bKamatheri Publications
_c2003
942 _cBK
999 _c42300
_d42300